| 000 | 00595nam a2200181 i 4500 | ||
|---|---|---|---|
| 001 | 49029 | ||
| 003 | ES-MaACL | ||
| 005 | 20230906161852.0 | ||
| 007 | t| | ||
| 008 | 030704s1959 sp ||||1| spa d | ||
| 100 | 1 |
_aCoronel Urtecho, José. _940691 |
|
| 245 | 1 | 0 |
_aRápido tránsito _b: (al ritmo de, Norteamérica) / _cJosé Coronel Urtecho ; nota preliminar de Pedro Laín Entralgo. |
| 260 |
_aMadrid : _bAguilar, _c1959 ( _fDirección) |
||
| 300 |
_a229 p. ; _c21 cm. |
||
| 700 | 1 |
_aLaín Entralgo, Pedro, _d1908-2001 _969681 |
|
| 852 |
_aES-MaACL _jC-19040 _bR.45010 |
||
| 999 |
_c49029 _d49029 |
||